| 000 | 01183cam a22003012 4500 | ||
|---|---|---|---|
| 001 | 0000001261 | ||
| 005 | 20151217154328.0 | ||
| 008 | 070228s xx 000 0 eng d | ||
| 020 |
_a0073039357 (student's ed.) : _cKES 500 (don.) |
||
| 020 | _a0073039365 (instructor's ed.) | ||
| 040 |
_aKABU _cKABU |
||
| 050 | 0 |
_aHA29 _b.M37 1999 |
|
| 100 | 1 |
_aMason, Robert Deward, _d1919-. _@0000149885 |
|
| 245 | 1 | 0 |
_aStatistical techniques in business and economics / _cRobert D. Mason, Douglas A. Lind, William G. Marchal. |
| 250 | _a10th ed. | ||
| 260 |
_aBoston, Mass. : _bIrwin/McGraw-Hill, _cc1999. |
||
| 300 |
_axx, 791 p. : _bcol. ill. ; _c27 cm. + _e1 computer laser optical disc (43/4 in.) |
||
| 504 | _aIncludes bibliographical references and index. | ||
| 650 | 0 |
_aSocial sciences _xStatistical methods. _@0000148274 |
|
| 650 | 0 |
_aEconomics _xStatistical methods. _@0000149882 |
|
| 650 | 0 |
_aCommercial statistics. _@0000149884 |
|
| 700 | 1 |
_aLind, Douglas A. _@0000149881 |
|
| 700 | 1 |
_aMarchal, William G. _@0000149886 |
|
| 908 | _a070228 | ||
| 950 | _@1 | ||
| 999 |
_c10524 _d10524 |
||